[Event "Corrientes op"]
[Site "Corrientes"]
[Date "2021.08.14"]
[Round "2"]
[White "Flores, Raul Ricardo"]
[Black "Maxit, Alfredo Javier"]
[Result "0-1"]
[WhiteElo "1707"]
[BlackElo "1489"]
[PlyCount "76"]
[EventDate "2021.08.14"]
[EventType "swiss"]
[EventRounds "6"]
[EventCountry "ARG"]
[SourceTitle "EXT 2022"]
[Source "ChessBase"]
[SourceDate "2021.10.06"]
[SourceVersion "1"]
[SourceVersionDate "2021.10.06"]
[SourceQuality "1"]

1. e4 e6 2. d4 d5 3. exd5 exd5 4. c4 c6 5. Nc3 Be6 6. cxd5 Bxd5 7. Nxd5 Qxd5 8. Nf3 Na6 9. Bxa6 Qa5+ 10. Bd2 Qxa6 11. Qb3 0-0-0 12. Ne5 Nf6 13. Qxf7 Rxd4 14. 0-0-0 Bd6 15. Qxg7 Rf8 16. Nf7 Qc4+ 17. Bc3 Rxd1+ 18. Rxd1 Bf4+ 19. Kb1 Qxf7 20. Bxf6 Qxf6 21. Qd7+ Kb8 22. g3 Qg6+ 23. Ka1 Bg5 24. Qd4 Qe6 25. f4 Rd8 26. Qa4 Rxd1+ 27. Qxd1 Bf6 28. Kb1 Kc7 29. Qh5 Qe4+ 30. Kc1 Bd4 31. Qf7+ Kd6 32. Qf8+ Kd5 33. Qf7+ Kc5 34. b4+ Kb6 35. Qb3 Qh1+ 36. Qd1 Qxd1+ 37. Kxd1 Bg1 38. f5 Bxh2 0-1